Holubi modena a modenka

Bibliographic Details
Main Author: Havlík, Jiří (Author)
Format: Article
Language:Czech
PhysicalDescription:Obr.
ISSN:0862-5573
Subjects:

MARC

LEADER 00000nab a2200000 a 4500
001 vtls000699742
003 SK-MaSNL
005 20260305035454.0
008 140328c1999 xo 0 cze
015 |a SNBRB1999/09-21208 
035 |a CLN000051909 
040 |a SNKBUCL  |b slo  |c SNKBUCL  |e AACR2 
041 0 |a cze 
044 |a xo  |c SK 
080 |a 636.596.082.1  |2 1997 
080 |a 636.082.1  |2 1997 
100 1 |a Havlík, Jiří  |4 aut  |9 793257 
245 1 0 |a Holubi modena a modenka  |c Jiří Havlík 
300 |b Obr. 
650 0 7 |a modena (plemeno holubov)  |2 SNKPH  |9 213179 
650 0 7 |a modenka (plemeno holubov)  |2 SNKPH  |9 213180 
655 7 |a články z novín a časopisov  |2 snkbucl  |9 267496 
773 0 |t Chovateľ  |g Roč. 35, č. 8 (1999), s. 226-227  |x 0862-5573 
850 |a Slovenská národná knižnica v Martine 
852 |a SNK  |b KIS3GCP 
992 |a RBX 
999 |c 3333976  |d 3335906